000 00464nam a22001817a 4500
008 170329b xxu||||| |||| 00| p tur d
020 _a9753635729
041 _atur
050 _aPL248.M374
100 _9159
_aRoni Margulies
245 _aBilirim Niye Yanık Öter Ney
250 _a1. Baskı
260 _aİstanbul
_bYapı Kredi Yayınları
_cEylül 1996
300 _a47 sayfa
500 _aŞiir 63
650 0 _9145
_aTürk Edebiyatı
942 _2lcc
_cBK
999 _c1154
_d1132